| 000 | 00682nam a22002292 4500 | ||
|---|---|---|---|
| 001 | 0000002332 | ||
| 005 | 20151217151850.0 | ||
| 008 | 070410s xx 000 0 eng d | ||
| 020 | _cKES 800 | ||
| 040 |
_aKABU _cKABU |
||
| 050 | 0 |
_aHF5718.5 _b.F56 2001 |
|
| 100 | 1 |
_aFinch, Brian. _@0000151658 |
|
| 245 | 1 | 0 |
_aHow to write a business plan / _cBrian Finch. |
| 260 |
_aLondon : _bKogan Page, _c2001. |
||
| 300 | _a138 p. | ||
| 650 | 0 |
_aBusiness writing. _@0000132676 |
|
| 650 | 0 |
_aBusiness planning. _@0000150583 |
|
| 908 | _a070410 | ||
| 950 | _@1 | ||
| 999 |
_c5796 _d5796 |
||